Etimología vortaro de esperanto. Volumo 5: S - Z

সংরক্ষণ করুন:
গ্রন্থ-পঞ্জীর বিবরন
প্রধান লেখক: Vilborg, Ebbe
বিন্যাস: গ্রন্থ
ভাষা:Spanish
প্রকাশিত: Stockholm, Suecia Eldona Societo Esperanto 2001
বিষয়গুলি:
ট্যাগগুলো: ট্যাগ যুক্ত করুন
কোনো ট্যাগ নেই, প্রথমজন হিসাবে ট্যাগ করুন!

MARC

LEADER 00000nam a22000007a 4500
008 180518b xxu||||| |||| 00| 0 spa d
040 |a cru BVZT 
090 |a R-413 V-1e v.5 (S-Z)  
100 |a Vilborg, Ebbe  
245 |a Etimología vortaro de esperanto. Volumo 5: S - Z   |c Ebbe Vilborg 
260 |a Stockholm, Suecia   |b Eldona Societo Esperanto  |c 2001 
300 |a 196 páginas. Vol. 5: S - Z 
650 |a REFERENCIA   |9 27 
650 |a EN IDIOMA ESPERANTO  
650 |a ETIMOLOGÍA VORTARO DE ESPERANTO  
650 |a VOLUMO 5: S - Z  
942 |2 z  |c REF 
999 |c 30508  |d 30508